02175nam a2200181 i 4500001000700000003000900007005001700016008004100033110004600074245008300120260006700203300002000270505152900290852002901819942000801848999001901856952011801875170384ES-MaACL20250806045156.0090302s18881890sp |||| | spa d2 aReal Academia de Medicina de Madrid9631810aDiscursos pronunciados en la Real Academia de Medicina de Madridb: 1887-1890. aMadrid : b[s. n.], c1888 (eMadrid : fImp. Enrique Teodoro) a1 v. ; c27 cm.8 aContiene: Discurso.../ Matías Nieto Serrano (16 p.). Influenia de las enfermedades de la piel en las perturbaciones mentales / José Eugenio Olavide (36 p.). Valor curativo de la neturaleza de las enfermedades / Alejandro San Martín (61 p.). Concepto social de la división del trabajo en Medicina / José de Letamendi (33 p.). Discurso.../ Julián Calleja (p. 35-53). La Medicina científica y racional debe tener por base la verdadera fisiología.../ Juan Magaz y Jaime (32 p.). Discurso.../ Aureliano Maestre de San Juan (p. 33-63). La terapeútica de nuestros días participa del progreso de las demás instituciones de la Medicina / Manuel Ortega Morejón (38 p.). Discurso.../ Mariano Carretero y Muriel (p. 39-58). Discurso.../ Matías Nieto Serrano (22 p.). Algo de lo que se debe a los españoles en el progreso de las ciencias médicas / José Díaz Benito y Angulo (40 p.). De la aclimatación de los cascarillos / Vicente Martín de Argenta (72 p.). Discurso.../ Pedro Lletget y Díaz Ropero (p. 73-122). Cómo deben consignarse en las farmacopeas oficiales los llamados medicamentos químicos / José Font y Martí (66 p.). Discurso.../ Juan R. Gómez Pamo (p. 67-106). Discurso.../ Matías Nieto Serrano (17 p.). Socio-patología / Federico Rubio y Gali (49 p.). Consideraciones histórico-críticas acerca de la ciencia de los medicamentos en el siglo XVII, con relación a al época actual / Joaquín Olmedilla y Puig (86 p.). Discurso.../ Gabriel de la Puerta (p. 89-109). aES-MaACL9177048 jK-102 2udc c170384d170384 001040708LIBXIXaATENEOMbATENEOMcADMd2009-03-02l0oK-102p1178872r2023-02-23 00:00:00w2023-02-23yMONANT